Sunday morning - ethel cain - Statistics

General Stats
  • This quiz has been taken 8 times
  • The average score is 86 of 171
Answer Stats
Answer % Correct
i
100%
me
88%
morning
88%
no
88%
sunday
88%
to
88%
you
88%
for
75%
not
75%
the
75%
when
75%
ask
63%
do
63%
even
63%
except
63%
hit
63%
hurts
63%
it
63%
look
63%
nothing
63%
on
63%
that
63%
we're
63%
all
50%
alone
50%
and
50%
be
50%
dress
50%
everything
50%
go
50%
home
50%
im
50%
my
50%
pretty
50%
think
50%
at
38%
baby
38%
bought
38%
car
38%
cry
38%
drive
38%
hold
38%
in
38%
night
38%
of
38%
softly
38%
swaying
38%
trying
38%
windows
38%
youll
38%
about
25%
after
25%
can
25%
different
25%
each
25%
from
25%
get
25%
got
25%
like
25%
long
25%
make
25%
now
25%
streetlights
25%
this
25%
through
25%
time
25%
told
25%
youve
25%
alright
13%
around
13%
glowing
13%
hands
13%
if
13%
just
13%
out
13%
still
13%
throat
13%
waiting
13%
ways
13%
barbed
0%
making
0%
other
0%
side
0%
wanted
0%
wire
0%
wrapped
0%
No matching quizzes found
Score Distribution
Percent of People with Each Score
Percentile by Number Answered
Your Score History
You have not taken this quiz